000 00744nam a2200253Ia 4500
003 OSt
005 20221005072904.0
006 a|||||r|||| 00| 0
007 ta
008 221004b |||||||| |||| 00| 0 urd d
020 _cINR 900.00
024 _a42466
037 _b2126, 16/03/2019, M.R.Publications
_cTextual
040 _aCRL
_cCRL
_burd
041 _2urd
_aurd
082 _aV281, 168Q7.1
100 _aArgali Farooq Co.
245 0 _aDehli nama
_b tareekh-o-aasar
260 _aNew Delhi
_bFarid book depot India
_c2017
300 _a831p.
_ccm.
650 _aDELHI - HISTORY
942 _hV281, 168Q7.1
_cTEXL
_2cc
999 _c980218
_d980218